Donda Songs - Statistics

General Stats
  • This quiz has been taken 396 times
  • The average score is 16 of 27
Answer Stats
Hint Answer % Correct
15 Donda
96%
1 Donda Chant
90%
2 Jail
87%
24 Jail pt 2
78%
4 Off the Grid
78%
5 Hurricane
77%
9 Junya
75%
17 Jesus Lord
65%
13 Moon
65%
6 Praise God
65%
26 Junya pt 2
64%
8 Ok Ok
64%
27 Jesus Lord pt 2
58%
12 Remote Control
58%
3 God Breathed
57%
25 Ok Ok pt 2
57%
11 24
56%
23 No Child Left Behind
54%
22 Come to Life
53%
14 Heaven and Hell
52%
7 Jonah
50%
21 Pure Souls
47%
10 Believe What I Say
45%
19 Tell the Vision
44%
16 Keep My Spirit Alive
40%
18 New Again
38%
20 Lord I Need You
34%
No matching quizzes found
Score Distribution
Percent of People with Each Score
Percentile by Number Answered
Your Score History
You have not taken this quiz